000 00547nam a2200205Ia 4500
001 17806
003 GE_BSU
008 181216s||||||||xx |||||||||||||| ||und||
040 _cGE_BSU
100 _aТретьяков,А.К.
245 _aБетонные работы.
245 _bУчебник.
245 _cРед. А.П.Николаева.
250 _aИзд. 4-е, перераб. и допол.
260 _aМ.
260 _bВысш. школа.
260 _c1975.
300 _a272 стр. с илл. 21 см.
942 _cBK
999 _c50851
_d50851